000 01112nam0a22002651 4500
001 rc\3042515
005 20250806202026.0
035 _a(NLR Aleph) 007182631
090 _a41909
_c41909
100 _a20111006d1944 u y0rusy50 ca
101 0 _arus
102 _aRU
105 _ay z |||||
200 1 _aВоенно-морской медицинский сборник
_fНар. ком. Воен.-Мор. Флота СССР. Мед.-сан. упр.
210 _aМосква
_aЛенинград
_cВоенмориздат
_d1944
300 _aПеречень имеющихся в библиотеке томов, номеров, годов этого издания смотри в каталоге периодических изданий
300 _aПрил. к бюллетеню "Военно-морской врач"
422 0 _12001#$aВоенно-морской врач
801 0 _aRU
_bNLR
_gpsbo
801 1 _aRU
_bELAR
_2rusmarc
852 _aNLR
_jП16/453
942 _cBOOK
945 _aРоссийская национальная библиотека
980 _aNB
980 _aBV